Manual de lectura fácil : (Record no. 211671)

MARC details
000 -CABECERA
campo de control de longitud fija 00861cam a22002417a 4500
003 - IDENTIFICADOR DEL NÚMERO DE CONTROL
campo de control MX-MxUPN
005 - FECHA Y HORA DE LA ÚLTIMA TRANSACCIÓN
campo de control 20240910063744.0
008 - ELEMENTOS DE LONGITUD FIJA--INFORMACIÓN GENERAL
campo de control de longitud fija 240828s2022 ag|a|||fr|||| 000 0 spa d
020 ## - NÚMERO INTERNACIONAL NORMALIZADO PARA LIBROS
Número Internacional Estándar del Libro 9789502332574
040 ## - FUENTE DE LA CATALOGACIÓN
Centro catalogador/agencia de origen MX-MxUPN
Lengua de catalogación spa
050 #4 - SIGNATURA TOPOGRÁFICA DE LA BIBLIOTECA DEL CONGRESO
Número de clasificación LB1050.2
Número de documento/Ítem N54 2022
100 1# - ASIENTO PRINCIPAL--NOMBRE PERSONAL
9 (RLIN) 53486
Nombre de persona Nielsen, Clara,
Fechas asociadas al nombre 1987-
245 10 - MENCIÓN DE TÍTULO
Título Manual de lectura fácil :
Resto del título cómo escribir textos accesibles para personas con dificultades lectoras
250 ## - MENCIÓN DE EDICIÓN
Mención de edición 1a edición
260 ## - PUBLICACIÓN, DISTRIBUCIÓN, ETC.
Lugar de publicación, distribución, etc. Buenos Aires :
Nombre del editor, distribuidor, etc. Visibilia :
-- Editorial Universitaria de Buenos Aires,
Fecha de publicación, distribución, etc. 2022
300 ## - DESCRIPCIÓN FÍSICA
Extensión 363 páginas :
Otras características físicas ilustraciones
490 0# - MENCIÓN DE SERIE
Mención de serie Colección lectura fácil
650 #4 - ASIENTO SECUNDARIO DE MATERIA - TERMINO TEMATICO
Término de materia o nombre geográfico como elemento de entrada Dificultad en la lectura
9 (RLIN) 6934
650 #4 - ASIENTO SECUNDARIO DE MATERIA - TERMINO TEMATICO
9 (RLIN) 53492
Término de materia o nombre geográfico como elemento de entrada Escritura
Subdivisión de forma Manuales
902 ## - ELEMENTOS DE DATOS B LOCAL, LDB (RLIN)
Creó GCH280824
Modificó VíctorGodínez/090924
942 ## - ELEMENTOS DE PUNTO DE ACCESO ADICIONAL (KOHA)
Fuente del sistema de clasificación o colocación Library of Congress Classification
Tipo de ítem Koha Libro
Holdings
Estado de retiro Estado de pérdida Fuente del sistema de clasificación o colocación Estado dañado No para préstamo Código de colección Localización permanente Ubicación/localización actual Ubicación en estantería Fecha de adquisición Clasificación Código de barras Fecha visto por última vez Precio válido a partir de Tipo de ítem Koha Número de copia
    Library of Congress Classification     Colección General Bib. Gregorio Torres Quintero Bib. Gregorio Torres Quintero Procesos técnicos 28/08/2024 LB1050.2 N54 2022 339825 28/08/2024 28/08/2024 Libro  
    Library of Congress Classification     Colección General Bib. Gregorio Torres Quintero Bib. Gregorio Torres Quintero Procesos técnicos 28/08/2024 LB1050.2 N54 2022 339826 28/08/2024 28/08/2024 Libro Ej.2
    Library of Congress Classification     Colección General Bib. Gregorio Torres Quintero Bib. Gregorio Torres Quintero Procesos técnicos 28/08/2024 LB1050.2 N54 2022 339827 28/08/2024 28/08/2024 Libro Ej.3